Paroles "Le bleu lumière (reprise)" - Vaiana (Disney) - Statistiques

Statistiques générales
  • Ce quiz a été pris 145 fois
  • Le résultat moyen est 27 sur 96
Statistiques - réponses
Chanteur Paroles % Correct
le
98%
le
98%
le
98%
le
98%
bleu
96%
ciel
75%
me
71%
me
71%
me
71%
pas
71%
ce
70%
la
69%
La
69%
la
69%
La
69%
mer
67%
mer
67%
que
67%
Je
66%
Je
66%
je
66%
de
63%
de
63%
de
63%
de
63%
de
63%
lumière
38%
et
34%
et
34%
m'appelle
33%
m'appelle
33%
m'appelle
33%
un
28%
un
28%
27%
Cache
26%
tous
26%
trésor
26%
Vaiana L'horizon
25%
touche
24%
ignorent
22%
reste
17%
veux
14%
vent
13%
mes
11%
mes
11%
plus
11%
plus
11%
plus
11%
plus
11%
plus
11%
C'est
10%
Chacun
10%
Chacun
10%
gestes
10%
vers
10%
Vers
10%
Vers
10%
Elle
9%
elle
9%
elle
9%
mon
8%
mon
8%
dans
7%
haut
7%
suis
7%
Tout
7%
histoire
6%
loin
6%
n'ai
6%
n'ai
6%
toujours
6%
croire
5%
Peu
5%
y
5%
J'irai
4%
révèle
4%
aux
3%
étoiles
3%
importe
3%
peur
3%
toi
3%
lune
2%
m'éclaire
2%
nuit
2%
parle
2%
pousse
2%
rempli
2%
univers
2%
coeur
1%
doute
1%
J'écoute
1%
mystère
1%
pleure
1%
question
1%
rebelle
1%
Aucun quiz correspondant
Distribution des résultats
% des personnes avec chaque résultat
Percentile par nombre de réponses
Votre historique - résultats
Vous n’avez pas pris ce quiz